Catálogo

Capitalismo, socialismo y democracia / (Registro nro. 34651)

Detalles MARC
000 -LEADER
fixed length control field 01098cam a2200325 i 4500
001 - CONTROL NUMBER
control field 34651
003 - CONTROL NUMBER IDENTIFIER
control field Mx-PuUPA
005 - DATE AND TIME OF LATEST TRANSACTION
control field 20221205152451.0
008 - FIXED-LENGTH DATA ELEMENTS--GENERAL INFORMATION
fixed length control field 140415s1983 sp gr 000 e spa d
017 ## - COPYRIGHT OR LEGAL DEPOSIT NUMBER
Copyright or legal deposit number 24329-1983
020 ## - INTERNATIONAL STANDARD BOOK NUMBER
International Standard Book Number 8475302777
Qualifying information obra completa
020 ## - INTERNATIONAL STANDARD BOOK NUMBER
International Standard Book Number 8475302785
Qualifying information tomo 1
020 ## - INTERNATIONAL STANDARD BOOK NUMBER
International Standard Book Number 8475302866
Qualifying information tomo 2
040 ## - CATALOGING SOURCE
Original cataloging agency Mx-PuUPA
Language of cataloging spa
Transcribing agency Mx-PuUPA
Modifying agency Mx-PuUPA
Description conventions rda
041 1# - LANGUAGE CODE
Language code of text/sound track or separate title spa
Language code of original eng
100 1# - MAIN ENTRY--PERSONAL NAME
Personal name Schumpeter, Joseph A.,
Relator term autor
9 (RLIN) 5263
Dates associated with a name 1883-1950
240 10 - UNIFORM TITLE
Uniform title Capitalism, socialism and democracy.
Language of a work Español
245 10 - TITLE STATEMENT
Title Capitalismo, socialismo y democracia /
Statement of responsibility, etc. Joseph A. Schumpeter
264 #1 - PRODUCTION, PUBLICATION, DISTRIBUTION, MANUFACTURE, AND COPYRIGHT NOTICE
Place of production, publication, distribution, manufacture Barcelona :
Name of producer, publisher, distributor, manufacturer Ediciones Orbis,
Date of production, publication, distribution, manufacture, or copyright notice ©1983
300 ## - PHYSICAL DESCRIPTION
Extent 2 volúmenes (paginación varía) ;
Dimensions 21 cm
336 ## - CONTENT TYPE
Fuente rdacontent
Content type term texto
Content type code txt
337 ## - MEDIA TYPE
Source rdamedia
Media type term sin medio
Media type code n
338 ## - CARRIER TYPE
Source rdacarrier
Carrier type term volumen
Carrier type code nc
490 0# - SERIES STATEMENT
Series statement Biblioteca de economía ;
Volume/sequential designation 4-5
650 #7 - SUBJECT ADDED ENTRY--TOPICAL TERM
Topical term or geographic name entry element Democracia
General subdivision Socialismo
Source of heading or term armarc
942 ## - ADDED ENTRY ELEMENTS (KOHA)
Source of classification or shelving scheme Dewey Decimal Classification
Classification part 335.5
Item part S25
Koha item type Libro
Existencias
Withdrawn status Lost status Source of classification or shelving scheme Damaged status Not for loan Collection code Home library Current library Shelving location Date acquired Source of acquisition Serial Enumeration / chronology Total Checkouts Full call number Barcode Date last seen Date last checked out Price effective from Koha item type Total Renewals Copy number
    Dewey Decimal Classification     General Biblioteca Karol Wojtyla Biblioteca Karol Wojtyla Sala general 03/12/2013 Donación t.1   335.5 S25 1983 60669 05/01/2026 22/10/2014 03/12/2013 Libro    
    Dewey Decimal Classification     General Biblioteca Karol Wojtyla Biblioteca Karol Wojtyla Sala general 03/12/2013 Compra t.2   335.5 S25 1983 19555 05/01/2026 04/10/2017 09/03/2018 Libro    
    Dewey Decimal Classification     General Biblioteca Karol Wojtyla Biblioteca Karol Wojtyla Sala general 03/12/2013 Compra t.2 2 335.5 S25 1983 52421 05/01/2026 13/06/2022 03/12/2013 Libro 1 Ej.2